Bilder nach Land - Marokko - Statistiken

Allgemein
  • Dieses Quiz wurde 39 mal gespielt
  • Das Durchschnittsergebnis liegt bei 9 aus 16
Antwortstatistiken
Bildquiz Hint Antwort % Korrekt
(Stadt) Casablanca
97%
(Wüste) Sahara
91%
(Bekleidungsstück) Fes
89%
(Stadt) Marrakesch
86%
(Gebirge) Atlas
83%
(Bevölkerungsgruppe) Berber
71%
(Fußballspieler) Achraf Hakimi
66%
(Währung) Marokkanische Dirham
57%
(Gericht) Couscous
51%
(Nationaltier) Berberlöwe
46%
(Politiker) Mohammed VI.
46%
(Kochgefäß) Tajine
46%
(Stadt) Chefchaouen
40%
(Tier) Berberaffen
11%
(Grotte) Herkulesgrotte
11%
(Universität) Universität al-Qarawīyīn
3%
Keine übereinstimmenden Quizze gefunden
Verteilung der Resultate
Anzahl Personen mit jedem Resultat
Perzentil nach korrekt beantworteten Fragen
Ihre Resultats-Entwicklung
Sie haben dieses Quiz noch nicht gespielt